000
00271pab a2200109 454500
008
180718b xxu||||| |||| 00| 0 eng d
100
_a
Datt, Ruddar
245
_a
Impact of new economic policy
650
_a
Economic Development
773
_a
Financial Express
909
_a
24055
999
_c
24055
_d
24055